Psicología evolutiva de Piaget: una síntesis para educadores

Sparad:
Bibliografiska uppgifter
Huvudupphovsman: Beard, Ruth M (Författare, medförfattare)
Materialtyp: Bok
Språk:spanska
Publicerad: Buenos Aires Kapelusz 1971
Serie:Biblioteca de Cultura Pedagógica
Ämnen:
Taggar: Lägg till en tagg
Inga taggar, Lägg till första taggen!

MARC

LEADER 00000nam a2200000 a 4500
001 UCN3869
003 CL-VaPUC
008 010713e19710000AG |||||||||||||||||spa|d
082 0 4 |a 155.4  |b BEA  |2 21 
100 0 |a Beard, Ruth M  |e author  |9 460455 
245 1 0 |a Psicología evolutiva de Piaget: una síntesis para educadores 
300 |a 127 p 
942 |c BK 
945 |d 20010713 00:00:00  |a vberengu 
260 |a Buenos Aires  |b Kapelusz  |c 1971 
600 0 7 |a PIAGET, JEAN  |2 CL-VaPUC  |9 308149 
650 0 |a Psicología del niño  |9 307305 
650 0 |a Psicología del desarrollo  |9 307541 
650 0 |a Inteligencia  |9 267038 
650 0 |a Niños  |9 255605 
583 |a last modification  |c 20010713 00:00:00  |k Rodrigo Vera 
490 0 |a Biblioteca de Cultura Pedagógica 
999 |c 296540  |d 296538 
952 |0 0  |1 0  |4 0  |6 155_400000000000000_BEA_1971  |7 0  |8 A  |9 350343  |a FDOPOS  |b FDOPOS  |d 2019-11-20  |i 3690091  |o 155.4 BEA 1971  |p 3690091  |r 2025-01-22  |w 2019-11-20  |y BK  |k MLA 
952 |0 0  |1 0  |4 0  |6 155_400000000000000_BEA_1971  |7 0  |8 P  |9 350344  |a BIBEDU  |b BIBEDU  |c BIBEDU_PB  |d 2019-11-20  |i 1545345  |o 155.4 BEA 1971  |p 1545345  |r 2024-01-25  |w 2019-11-20  |y BK  |k EDU